书目信息 |
| 题名: |
反义词词典
|
|
| 作者: | 韩敬体 , 宋惠德 编 | |
| 分册: | ||
| 出版信息: | 成都 四川人民出版社 2005.7 |
|
| 页数: | 74,448页 | |
| 开本: | 21cm | |
| 丛书名: | ||
| 单 册: | ||
| 中图分类: | H136.2-61 | |
| 科图分类: | ||
| 主题词: | 汉语--han yu--反义词词典 , 反义词词典--fan yi ci ci dian | |
| 电子资源: | ||
| ISBN: | 7-220-05133-6 | |
| 000 | 00859nam0 2200265 450 | |
| 001 | CAL 012006063828 | |
| 005 | 20061114155327.03 | |
| 010 | @a7-220-05133-6@b精装@dCNY32.00 | |
| 100 | @a20061012d2005 em y0chiy0120 ea | |
| 101 | 0 | @achi |
| 102 | @aCN@b510000 | |
| 105 | @ay e 001yy | |
| 200 | 1 | @a反义词词典@Afan yi ci ci dian@f韩敬体, 宋惠德编 |
| 205 | @a2版@b修订本 | |
| 210 | @a成都@c四川人民出版社@d2005.7 | |
| 215 | @a74,448页@d21cm | |
| 320 | @a有索引 (第1-74页) | |
| 330 | @a本书选收反义词语约1900组, 收词以现代的语文词语为主, 正文以成组方式编排反义词语, 相对的反义词语采取单序列编排方式。 | |
| 606 | 0 | @a汉语@Ahan yu@x反义词词典 |
| 606 | 0 | @a反义词词典@Afan yi ci ci dian |
| 690 | @aH136.2-61@v4 | |
| 701 | 0 | @a韩敬体@Ahan jing ti@4编 |
| 701 | 0 | @a宋惠德@Asong hui de@4编 |
| 801 | 0 | @aCN@c20061114 |
| 905 | @apdsgxy@dH136.2-61@eH080 | |
| 反义词词典/韩敬体, 宋惠德编.-2版,修订本.-成都:四川人民出版社,2005.7 |
| 74,448页;21cm |
| ISBN 7-220-05133-6(精装):CNY32.00 |
| 本书选收反义词语约1900组, 收词以现代的语文词语为主, 正文以成组方式编排反义词语, 相对的反义词语采取单序列编排方式。 |
| ● |
| 相关链接 |
|
|
|
正题名:反义词词典
索取号:H136.2-61/H080
 
预约/预借
| 序号 | 登录号 | 条形码 | 馆藏地/架位号 | 状态 | 备注 |
| 1 | 635767 | 206357672 | 语言库209/209语言库 71排4列2层/ [索取号:H136.2-61/H080] | 在馆 | |
| 2 | 635768 | 206357681 | 语言库209/209语言库 71排4列2层/ [索取号:H136.2-61/H080] | 在馆 | |
| 3 | 635769 | 206357690 | 语言库209/209语言库 71排4列2层/ [索取号:H136.2-61/H080] | 在馆 |